000 00607nam a2200229Ia 4500
003 OSt
005 20221005131338.0
006 a|||||r|||| 00| 0
007 ta
008 221004b |||||||| |||| 00| 0 tam d
024 _a52418
037 _cTextual
040 _aCRL
_cCRL
_btam
041 _2tam
_atam
082 _aV2133:1:L, 31J4
100 _aChandrasekharan T. Ed.
_943027
245 0 _aSivagangai -c- carittira-k-kummi and ammanai
260 _c1954
650 _aHISTORY
942 _hV2133:1:L, 31J4
_cTEXL
_2cc
999 _c1060054
_d1060054